HIV: manuale di gestione della nutrizione Manuale per gli operatori
שמור ב:
| מחבר תאגידי: | |
|---|---|
| פורמט: | ספר |
| שפה: | אנגלית |
| יצא לאור: |
Roma
Nadir
2006
|
| תגים: |
אין תגיות, היה/י הראשונ/ה לתייג את הרשומה!
|
MARC
| LEADER | 00000nam a2200000 4500 | ||
|---|---|---|---|
| 005 | 20240626181811.0 | ||
| 008 | 240626b |||||||| |||| 00| 0 eng d | ||
| 040 | |c GP | ||
| 110 | |a NADIR | ||
| 245 | |a HIV: manuale di gestione della nutrizione |b Manuale per gli operatori | ||
| 260 | |a Roma |b Nadir |c 2006 | ||
| 942 | |2 ddc |c BK |n 0 | ||
| 952 | |0 0 |1 0 |2 ddc |4 0 |6 614_050000000000000_NAD |7 1 |9 1506 |a RM |b RM |d 2024-06-26 |l 0 |o 614.05 NAD |p 229 |r 2024-06-26 18:18:38 |w 2024-06-26 |y BK | ||
| 999 | |c 1324 |d 1324 | ||